000
00220nam a2200097Ia 4500
008
170620s9999 xx 000 0 und d
100
_a
DR. RASTOGI SANDHAY
245
0
_a
INDIAN BANKING SYSTEM
260
_b
ANAND PUB
260
_c
2015
300
_a
140
999
_c
30004
_d
30004